00526nam a22001577a 4500008004100000020001500041050002300056100002400079245008700103250001700190260004500207300001800252500002800270650003500298650003500333171205s2007 sp ||||| |||| 00| 0 spa d a8493467952 aPS3551.L745bD6518 aAlten, Steveeautor aEl testamento Maya c/ Steve Alten ; traducción de Ma. Cristina Martínez Sanz  a12 edición aEspañab: VíaMagna edicionesc, 2007 a586 páginas atitulo original: Domain 0aVIDA EN OTROS PLANETASvNOVELA 0aMAYAS vNOVELAxANTIGÜEDADES